Sports Quiz

Random Sports or World Quiz

World Series Last Batters (1975 - present) Quiz Stats

 Plays Quiz not verified by Sporcle

Challenge
Share
Tweet
Embed
Score 0/34 Timer 10:00
0 Plays Today
Year % Correct
1993Carter
86%
2001Gonzalez
76%
2004Renteria
62%
2009Victorino
62%
1997Renteria
62%
2000Piazza
54%
2007Smith
54%
2008Hinske
40%
1984Gwynn
36%
1992Nixon
36%
2003Posada
36%
1980Wilson
34%
2002Lofton
34%
1995Baerga
32%
1996Lemke
32%
2006Inge
32%
1991Larkin
28%
Year % Correct
1975Yastrzemski
26%
1976White
26%
1990Lansford
26%
1978Cey
24%
1987McGee
22%
1986Barrett
20%
1982Thomas
18%
1988Phillips
12%
1989Butler
12%
1983Maddox
10%
2005Palmeiro
10%
1981Watson
8%
1985Van Slyke
6%
1999Lockhart
6%
1977Lacy
4%
1998Sweeney
4%
1979Kelly
2%

You're not logged in!

Compare scores with friends on all Sporcle quizzes.
Join for Free
OR
Log In

You Might Also Like...

Show Comments

Extras

Top Quizzes Today


Score Distribution

Your Account Isn't Verified!

In order to create a playlist on Sporcle, you need to verify the email address you used during registration. Go to your Sporcle Settings to finish the process.

Report this User

Report this user for behavior that violates our Community Guidelines.

Details: